[Event "11th LCC FIDE Open 2019"]
[Site "London"]
[Date "2019.11.29"]
[Round "1.45"]
[White "Dong, Bao Nghia"]
[Black "Tombolis, Christopher"]
[Result "1-0"]
[WhiteElo "2217"]
[BlackElo "1824"]
[Annotator "ChessBase"]
[PlyCount "95"]
[EventDate "2019.11.29"]
[EventType "swiss"]
[EventCountry "ENG"]
[SourceTitle "playchess.com"]
[Source "ChessBase"]
[SourceQuality "1"]
[TimeControl "40/5400+30:1800+30"]

1. d4 {[%emt 0:00:50]} d5 {[%emt 0:00:00]} 2. c4 {[%emt 0:01:23]} e6 {[%emt 0:00:00]} 3. Nc3 {[%emt 0:00:16]} Nf6 {[%emt 0:00:00]} 4. Bg5 {[%emt 0:00:45]} Be7 {[%emt 0:00:00]} 5. e3 {[%emt 0:00:05]} O-O {[%emt 0:00:05]} 6. Nf3 {[%emt 0:00:04]} h6 {[%emt 0:00:05]} 7. Bh4 {[%emt 0:00:04]} b6 {[%emt 0:00:08]} 8. cxd5 {[%emt 0:02:39]} Nxd5 {[%emt 0:02:35]} 9. Nxd5 {[%emt 0:00:28]} exd5 {[%emt 0:07:43]} 10. Bxe7 {[%emt 0:00:56]} Qxe7 {[%emt 0:00:02]} 11. Rc1 {[%emt 0:00:10]} Bg4 {[%emt 0:07:16]} 12. Qc2 {[%emt 0:03:14]} c5 {[%emt 0:17:21]} 13. dxc5 {[%emt 0:09:11]} Rc8 {[%emt 0:00:11]} 14. b4 {[%emt 0:00:37]} bxc5 {[%emt 0:02:35]} 15. bxc5 {[%emt 0:00:27]} Nd7 {[%emt 0:00:03]} 16. c6 {[%emt 0:00:35]} Bxf3 {[%emt 0:00:21]} 17. gxf3 {[%emt 0:00:04]} Ne5 {[%emt 0:00:06]} 18. c7 {[%emt 0:00:39]} Nxf3+ {[%emt 0:00:09]} 19. Kd1 {[%emt 0:00:06]} Qb4 {[%emt 0:02:09]} 20. Qc3 {[%emt 0:03:37]} Qa4+ {[%emt 0:00:21]} 21. Rc2 {[%emt 0:20:54]} d4 {[%emt 0:13:03]} 22. Qc6 {[%emt 0:00:28]} Qxc6 {[%emt 0:05:11]} 23. Rxc6 {[%emt 0:00:06]} dxe3 {[%emt 0:00:46]} 24. fxe3 {[%emt 0:00:31]} Ne5 {[%emt 0:00:31]} 25. Rc3 {[%emt 0:01:39]} Ng4 {[%emt 0:07:44]} 26. Ba6 {[%emt 0:12:35]} Nxe3+ {[%emt 0:07:03]} 27. Rxe3 {[%emt 0:01:17]} Rxc7 {[%emt 0:00:02]} 28. Rhe1 {[%emt 0:01:03]} Rd8+ {[%emt 0:00:57]} 29. Bd3 {[%emt 0:02:07]} Kf8 {[%emt 0:01:15]} 30. Ke2 {[%emt 0:02:16]} Rc3 {[%emt 0:03:24]} 31. Rb1 {[%emt 0:00:56]} Ra3 {[%emt 0:02:18]} 32. Bc4 {[%emt 0:01:09]} Ra4 {[%emt 0:01:11]} 33. Bb3 {[%emt 0:01:31]} Rh4 {[%emt 0:00:16]} 34. h3 {[%emt 0:00:32]} Rb4 {[%emt 0:02:44]} 35. Rc1 {[%emt 0:02:25]} Rb7 {[%emt 0:01:18]} 36. Rec3 {[%emt 0:00:05]} Rdd7 {[%emt 0:05:12]} 37. Rc8+ {[%emt 0:00:19]} Ke7 {[%emt 0:00:08]} 38. Ba4 {[%emt 0:00:11]} Rb2+ {[%emt 0:01:56]} 39. Ke3 {[%emt 0:00:12]} Rd6 {[%emt 0:03:54]} 40. R1c7+ {[%emt 0:00:17]} Kf6 {[%emt 0:01:14]} 41. Bb3 {[%emt 0:30:30]} a5 {[%emt 0:30:37]} 42. Rxf7+ {[%emt 0:00:38]} Kg6 {[%emt 0:00:08]} 43. Ra7 {[%emt 0:00:12]} Rh2 {[%emt 0:00:31]} 44. Bc2+ {[%emt 0:00:34]} Kh5 {[%emt 0:01:04]} 45. Rxg7 {[%emt 0:01:11]} Rxh3+ {[%emt 0:00:06]} 46. Kf4 {[%emt 0:00:28]} Rh1 {[%emt 0:04:31]} 47. Rc5+ {[%emt 0:00:11]} Kh4 {[%emt 0:00:02]} 48. Rg4+ {[%emt 0:00:06]} 1-0

[Event "11th LCC FIDE Open 2019"]
[Site "London"]
[Date "2019.11.29"]
[Round "1.46"]
[White "Saidmurodov, Shahjahon"]
[Black "Granat, Russell G"]
[Result "1-0"]
[WhiteElo "1782"]
[BlackElo "2207"]
[Annotator "ChessBase"]
[PlyCount "59"]
[EventDate "2019.11.29"]
[EventType "swiss"]
[EventCountry "ENG"]
[SourceTitle "playchess.com"]
[Source "ChessBase"]
[SourceQuality "1"]
[TimeControl "40/5400+30:1800+30"]

1. e4 {[%emt 0:00:00]} Nc6 {[%emt 0:00:00]} 2. Nf3 {[%emt 0:00:02]} e5 {[%emt 0:00:13]} 3. Bc4 {[%emt 0:00:10]} Bc5 {[%emt 0:00:25]} 4. b4 {[%emt 0:01:26]} Bxb4 {[%emt 0:00:37]} 5. c3 {[%emt 0:00:04]} Ba5 {[%emt 0:02:07]} 6. d4 {[%emt 0:00:29]} exd4 {[%emt 0:04:42]} 7. O-O {[%emt 0:00:08]} d6 {[%emt 0:04:44]} 8. cxd4 {[%emt 0:15:21]} Bb6 {[%emt 0:04:07]} 9. Bb2 {[%emt 0:11:10]} Bg4 {[%emt 0:06:54]} 10. d5 {[%emt 0:13:43]} Ne5 {[%emt 0:06:46]} 11. Bb5+ {[%emt 0:04:52]} Kf8 {[%emt 0:02:00]} 12. Nbd2 {[%emt 0:01:23]} Ne7 {[%emt 0:06:16]} 13. Qb3 {[%emt 0:04:14]} Bxf3 {[%emt 0:22:22]} 14. Nxf3 {[%emt 0:07:55]} N7g6 {[%emt 0:04:07]} 15. Nxe5 {[%emt 0:01:11]} Nxe5 {[%emt 0:00:45]} 16. Qg3 {[%emt 0:00:50]} Qe7 {[%emt 0:13:10]} 17. Kh1 {[%emt 0:00:36]} h5 {[%emt 0:03:59]} 18. f4 {[%emt 0:01:00]} Ng4 {[%emt 0:00:37]} 19. Rae1 {[%emt 0:02:26]} Rh6 {[%emt 0:03:56]} 20. h3 {[%emt 0:13:53]} Rg6 {[%emt 0:02:16]} 21. Qf3 {[%emt 0:00:35]} Qh4 {[%emt 0:01:15]} 22. f5 {[%emt 0:10:25]} Rg5 {[%emt 0:03:25]} 23. Re2 {[%emt 0:02:07]} Ne5 {[%emt 0:00:55]} 24. Bxe5 {[%emt 0:01:17]} dxe5 {[%emt 0:00:07]} 25. f6 {[%emt 0:00:39]} g6 {[%emt 0:01:02]} 26. Qa3+ {[%emt 0:00:31]} Kg8 {[%emt 0:00:05]} 27. Qe7 {[%emt 0:00:59]} Rf8 {[%emt 0:01:56]} 28. Rc2 {[%emt 0:02:44]} Rg3 {[%emt 0:01:15]} 29. Qxe5 {[%emt 0:01:24]} Rxh3+ {[%emt 0:00:29]} 30. gxh3 {[%emt 0:00:11]} 1-0

[Event "11th LCC FIDE Open 2019"]
[Site "London"]
[Date "2019.11.29"]
[Round "1.47"]
[White "Rocco, Federico"]
[Black "Covey, Jason"]
[Result "1-0"]
[WhiteElo "2207"]
[BlackElo "1773"]
[Annotator "ChessBase"]
[PlyCount "71"]
[EventDate "2019.11.29"]
[EventType "swiss"]
[EventCountry "ENG"]
[SourceTitle "playchess.com"]
[Source "ChessBase"]
[SourceQuality "1"]
[TimeControl "40/5400+30:1800+30"]

1. e4 {[%emt 0:00:00]} e6 {[%emt 0:00:00]} 2. d4 {[%emt 0:00:14]} d5 {[%emt 0:00:27]} 3. Nc3 {[%emt 0:00:13]} Bb4 {[%emt 0:00:26]} 4. e5 {[%emt 0:00:07]} Ne7 {[%emt 0:00:28]} 5. a3 {[%emt 0:00:09]} Bxc3+ {[%emt 0:00:09]} 6. bxc3 {[%emt 0:00:06]} c5 {[%emt 0:00:25]} 7. Qg4 {[%emt 0:00:11]} Qc7 {[%emt 0:00:18]} 8. Qxg7 {[%emt 0:00:08]} Rg8 {[%emt 0:00:05]} 9. Qxh7 {[%emt 0:00:08]} cxd4 {[%emt 0:00:28]} 10. Ne2 {[%emt 0:00:06]} Nbc6 {[%emt 0:00:25]} 11. f4 {[%emt 0:00:05]} Bd7 {[%emt 0:00:18]} 12. Qd3 {[%emt 0:00:19]} dxc3 {[%emt 0:00:26]} 13. Nxc3 {[%emt 0:00:08]} Rc8 {[%emt 0:00:24]} 14. Nb5 {[%emt 0:00:56]} Qd8 {[%emt 0:01:50]} 15. Nd6+ {[%emt 0:00:51]} Kf8 {[%emt 0:00:08]} 16. Nxc8 {[%emt 0:01:30]} Nxc8 {[%emt 0:00:18]} 17. g3 {[%emt 0:03:11]} Nb6 {[%emt 0:01:20]} 18. Bg2 {[%emt 0:00:40]} Nc4 {[%emt 0:02:34]} 19. O-O {[%emt 0:00:29]} Qb6+ {[%emt 0:07:39]} 20. Kh1 {[%emt 0:00:25]} Nd4 {[%emt 0:01:37]} 21. a4 {[%emt 0:03:52]} Nf5 {[%emt 0:02:07]} 22. Bh3 {[%emt 0:04:17]} Nfe3 {[%emt 0:07:35]} 23. Bxe3 {[%emt 0:09:23]} Nxe3 {[%emt 0:00:36]} 24. Rab1 {[%emt 0:01:06]} Qc5 {[%emt 0:01:45]} 25. Rfe1 {[%emt 0:00:52]} d4 {[%emt 0:02:22]} 26. Rxe3 {[%emt 0:00:28]} dxe3 {[%emt 0:04:13]} 27. Qxd7 {[%emt 0:00:14]} Qxc2 {[%emt 0:00:14]} 28. Qd1 {[%emt 0:04:02]} Qf2 {[%emt 0:02:03]} 29. Rxb7 {[%emt 0:00:45]} Kg7 {[%emt 0:01:57]} 30. Qg4+ {[%emt 0:03:41]} Kf8 {[%emt 0:00:40]} 31. Rxf7+ {[%emt 0:00:31]} Kxf7 {[%emt 0:00:07]} 32. Qxe6+ {[%emt 0:00:05]} Kf8 {[%emt 0:00:24]} 33. Qd6+ {[%emt 0:00:18]} Kf7 {[%emt 0:00:31]} 34. Qd7+ {[%emt 0:00:15]} Kg6 {[%emt 0:00:25]} 35. Bf5+ {[%emt 0:00:08]} Kh6 {[%emt 0:00:11]} 36. Qh7# {[%emt 0:00:04]} 1-0

[Event "11th LCC FIDE Open 2019"]
[Site "London"]
[Date "2019.11.29"]
[Round "1.48"]
[White "Auyeung, Chi Hung Jonathan"]
[Black "Manfay, Mate"]
[Result "1-0"]
[WhiteElo "1770"]
[BlackElo "2197"]
[Annotator "TA"]
[PlyCount "135"]
[EventDate "2019.11.29"]
[EventType "swiss"]
[EventCountry "ENG"]
[SourceTitle "playchess.com"]
[Source "ChessBase"]
[SourceQuality "1"]

{[%evp 9,134,-3,-4,-31,-20,-22,0,-41,18,-27,0,0,0,-8,-15,-8,0,0,0,-2,-14,-11,-20,-11,-2,0,11,0,0,0,4,0,33,28,31,16,16,16,16,12,18,-22,63,73,72,91,82,91,78,60,68,66,62,5,92,92,57,60,113,55,84,86,236,234,231,233,202,176,252,204,193,187,207,211,279,209,366,358,325,331,543,536,888,873,850,829,906,896,862,877,5035,3854,6721,6179,6303,6203,29982,29983,29983,29984,29987,29984,29984,29985,29985,29979,29989,29986,29986,29987,29988,29989,29990,29990,29991,29992,29992,29989,29989,29990,29994,29992,29996,29997,29997,29998,29999]} 1. c4 Nf6 2. g3 e6 3. Bg2 d5 4. Nf3 dxc4 5. Na3 Bxa3 (5... a6 6. Nxc4 b5 7. Nce5 Nd5 8. d4 Be7 9. a4 Bb7 10. axb5 axb5 11. Rxa8 Bxa8 12. Qb3 Nb4 13. Nxf7 {½-½ (24) Grischuk,A (2766)-Karjakin,S (2782) Paris 2018}) 6. Qa4+ {A13: English Opening: 1...e6} b5 7. Qxa3 Bb7 8. O-O {The position is equal.} (8. b3 {feels hotter.} Bd5 9. O-O Nbd7 10. Bb2 c5 11. bxc4 bxc4 12. Rac1) 8... Qe7 $146 (8... Nbd7 $15) ({Predecessor:} 8... Qd6 9. Qc3 Nbd7 10. a4 b4 11. Qxc4 Ba6 12. Qh4 Bxe2 13. Re1 Bxf3 14. Bxf3 {½-½ (41) Gonzalez Intelangelo,G (2010)-Lopez Gracia,F (2382) San Agustin 2012}) 9. Qxe7+ Kxe7 10. b3 Nbd7 11. Nd4 Bxg2 12. Kxg2 a6 13. bxc4 c5 14. Nc6+ Kd6 15. Na5 Kc7 {White must now prevent ...Kb6.} 16. d3 Kb6 17. Nb3 Rhc8 18. a4 b4 19. a5+ Kb7 20. f4 Ne8 21. e4 f6 22. Be3 Nd6 23. e5 Nf5 24. Bg1 Rc6 25. Rad1 Rac8 (25... fxe5 $11 26. fxe5 h5) 26. d4 $36 {[%mdl 2048] Black is under strong pressure.} cxd4 {[#]} 27. g4 $1 {[%cal Rg4f5]} Nh4+ 28. Kg3 Ng6 29. Rxd4 Nc5 30. Nxc5+ Rxc5 {[%mdl 64] [#] Double Attack} 31. Rb1 ({Better is} 31. exf6 $14 gxf6 32. Rb1) 31... Rxc4 (31... fxe5 $11 32. Rxb4+ Kc7 33. fxe5 Rxa5) 32. Rxb4+ $16 Rxb4 33. Rxb4+ $11 {[%mdl 4096] Endgame KRB-KRN} Kc7 (33... Ka8 $14) 34. exf6 (34. Rc4+ $16 Kd7 35. Rxc8 Kxc8 36. exf6 gxf6 37. Bd4) 34... gxf6 $14 35. Rb6 Rd8 (35... Kd7 $16 {might work better.}) 36. Rxe6 $18 {And now Bb6+ would win.} Rd3+ 37. Re3 Rd5 38. Rb3 h5 (38... Ne7 $142 39. f5 Nc6) 39. Bb6+ Kd7 40. Rc3 h4+ 41. Kf3 Rd2 42. h3 Rh2 $2 (42... Ne7 43. Bf2 f5 44. Bxh4 Nd5) 43. Ke4 Re2+ 44. Re3 Rh2 $2 (44... Ra2 45. Rd3+ Ke8) 45. Rd3+ Ke7 46. Bc5+ Kf7 47. Rd7+ Ke8 48. Rg7 Rc2 49. Bd6 ({Weaker is} 49. Rxg6 Kf7 $18) 49... Rd2 50. Rxg6 Rxd6 {KR-KR} 51. g5 Rd1 52. Rxf6 Ra1 53. g6 {White mates.} Ke7 54. Rxa6 Ra3 55. g7 Kf7 56. Ra7+ Kg8 57. Kf5 Ra4 58. Kg5 Kh7 59. f5 Ra1 60. Kf6 Rg1 61. Re7 Rg3 62. Re8 {[%csl Gg7][%cal Re8h8]} Rxg7 63. Re7 Kh8 64. a6 {[%cal Ba5a6,Ba6a7][%mdl 32]} Rg1 65. a7 Ra1 66. Kg6 {[%cal Re7e8]} Rg1+ 67. Kh6 Rg8 68. Rh7# {Accuracy: White = 77%, Black = 32%.} 1-0

[Event "11th LCC FIDE Open 2019"]
[Site "London"]
[Date "2019.11.29"]
[Round "1.49"]
[White "Hill, Alistair"]
[Black "Barasi, Paul Dl"]
[Result "1-0"]
[WhiteElo "2193"]
[BlackElo "1770"]
[Annotator "ChessBase"]
[PlyCount "63"]
[EventDate "2019.11.29"]
[EventType "swiss"]
[EventCountry "ENG"]
[SourceTitle "playchess.com"]
[Source "ChessBase"]
[SourceQuality "1"]
[TimeControl "40/5400+30:1800+30"]

1. e4 {[%emt 0:30:09]} c5 {[%emt 0:01:01]} 2. Nf3 {[%emt 0:00:05]} a6 {[%emt 0:00:27]} 3. c3 {[%emt 0:00:25]} g6 {[%emt 0:00:50]} 4. Be2 {[%emt 0:00:20]} Bg7 {[%emt 0:01:14]} 5. O-O {[%emt 0:00:07]} Nf6 {[%emt 0:05:44]} 6. e5 {[%emt 0:00:24]} Nd5 {[%emt 0:00:45]} 7. d4 {[%emt 0:00:02]} cxd4 {[%emt 0:00:40]} 8. cxd4 {[%emt 0:00:03]} O-O {[%emt 0:01:23]} 9. Qb3 {[%emt 0:01:08]} e6 {[%emt 0:13:13]} 10. Nc3 {[%emt 0:08:25]} Nxc3 {[%emt 0:03:52]} 11. bxc3 {[%emt 0:00:02]} Nc6 {[%emt 0:00:50]} 12. Ba3 {[%emt 0:05:19]} Re8 {[%emt 0:07:48]} 13. Nd2 {[%emt 0:04:39]} f6 {[%emt 0:09:50]} 14. exf6 {[%emt 0:04:02]} Bxf6 {[%emt 0:01:24]} 15. Ne4 {[%emt 0:00:06]} Be7 {[%emt 0:03:07]} 16. Bxe7 {[%emt 0:17:23]} Qxe7 {[%emt 0:03:05]} 17. Rfe1 {[%emt 0:02:35]} b5 {[%emt 0:07:13]} 18. Nc5 {[%emt 0:05:27]} Rb8 {[%emt 0:05:04]} 19. Bf3 {[%emt 0:04:34]} Na5 {[%emt 0:01:30]} 20. Qc2 {[%emt 0:03:33]} Rf8 {[%emt 0:02:59]} 21. Be4 {[%emt 0:03:18]} d6 {[%emt 0:07:26]} 22. Nd3 {[%emt 0:01:45]} Bd7 {[%emt 0:05:05]} 23. Nb4 {[%emt 0:02:04]} Qf6 {[%emt 0:01:41]} 24. Nxa6 {[%emt 0:06:05]} Rbc8 {[%emt 0:00:30]} 25. Re3 {[%emt 0:00:53]} Bc6 {[%emt 0:06:46]} 26. Bxc6 {[%emt 0:02:28]} Rxc6 {[%emt 0:00:06]} 27. Nb4 {[%emt 0:00:19]} Rcc8 {[%emt 0:02:35]} 28. Qe2 Rxc3 {[%emt 0:02:59]} 29. Rxc3 {[%emt 0:00:43]} Qxd4 {[%emt 0:00:03]} 30. Rac1 {[%emt 0:00:53]} Qxb4 {[%emt 0:00:11]} 31. Qxe6+ {[%emt 0:00:11]} Kh8 {[%emt 0:00:06]} 32. Rc8 {[%emt 0:00:29]} 1-0

[Event "11th LCC FIDE Open 2019"]
[Site "London"]
[Date "2019.11.29"]
[Round "1.50"]
[White "Drastik, Penelope"]
[Black "Russell, Christopher"]
[Result "1/2-1/2"]
[WhiteElo "1759"]
[BlackElo "2190"]
[Annotator "ChessBase"]
[PlyCount "78"]
[EventDate "2019.11.29"]
[EventType "swiss"]
[EventCountry "ENG"]
[SourceTitle "playchess.com"]
[Source "ChessBase"]
[SourceQuality "1"]
[TimeControl "40/5400+30:1800+30"]

1. d4 {[%emt 0:00:00]} e6 {[%emt 0:00:00]} 2. Nf3 {[%emt 0:00:00]} Nf6 {[%emt 0:00:11]} 3. c4 {[%emt 0:00:00]} d5 {[%emt 0:00:22]} 4. Nc3 {[%emt 0:00:00]} dxc4 {[%emt 0:00:05]} 5. e4 {[%emt 0:00:00]} Bb4 {[%emt 0:03:00]} 6. Bxc4 {[%emt 0:00:00]} Nxe4 {[%emt 0:13:48]} 7. O-O {[%emt 0:00:00]} Nf6 {[%emt 0:00:48]} 8. Qa4+ {[%emt 0:12:30]} Nc6 {[%emt 0:01:30]} 9. Ne5 {[%emt 0:00:13]} Be7 {[%emt 0:06:46]} 10. Nxc6 {[%emt 0:04:39]} bxc6 {[%emt 0:01:40]} 11. Qxc6+ {[%emt 0:00:04]} Bd7 {[%emt 0:00:22]} 12. Qf3 {[%emt 0:07:47]} O-O {[%emt 0:05:48]} 13. Bf4 {[%emt 0:06:54]} Rb8 {[%emt 0:09:59]} 14. b3 {[%emt 0:06:30]} Rb6 {[%emt 0:01:44]} 15. d5 {[%emt 0:07:10]} exd5 {[%emt 0:02:58]} 16. Nxd5 {[%emt 0:00:07]} Nxd5 {[%emt 0:00:12]} 17. Qxd5 {[%emt 0:04:46]} Rg6 {[%emt 0:04:26]} 18. Bg3 {[%emt 0:02:58]} Qc8 {[%emt 0:03:47]} 19. Qa5 {[%emt 0:06:10]} Bc6 {[%emt 0:04:22]} 20. f3 {[%emt 0:10:25]} Qa8 {[%emt 0:10:18]} 21. Bd3 {[%emt 0:03:17]} Rg5 {[%emt 0:03:05]} 22. Qxc7 {[%emt 0:01:35]} Bc5+ {[%emt 0:04:17]} 23. Kh1 {[%emt 0:00:58]} Rh5 {[%emt 0:01:21]} 24. Qf4 {[%emt 0:03:54]} Rd8 {[%emt 0:05:52]} 25. Bc4 {[%emt 0:02:05]} Rf8 {[%emt 0:02:43]} 26. Rae1 {[%emt 0:05:59]} Rh6 {[%emt 0:01:00]} 27. Qf5 {[%emt 0:03:23]} Bb4 {[%emt 0:01:27]} 28. Re3 {[%emt 0:01:00]} Rf6 {[%emt 0:00:56]} 29. Qg4 {[%emt 0:00:27]} Bc5 {[%emt 0:00:44]} 30. Re5 {[%emt 0:01:46]} Rg6 {[%emt 0:01:22]} 31. Rg5 {[%emt 0:00:41]} Bd7 {[%emt 0:01:15]} 32. Qh5 {[%emt 0:00:24]} Rxg5 {[%emt 0:05:09]} 33. Qxg5 {[%emt 0:00:08]} Qc6 {[%emt 0:02:00]} 34. Rc1 {[%emt 0:04:39]} Kh8 {[%emt 0:02:16]} 35. Bd3 {[%emt 0:03:28]} Be7 {[%emt 0:00:46]} 36. Rxc6 {[%emt 0:01:13]} Bxg5 {[%emt 0:00:07]} 37. Rc7 {[%emt 0:00:27]} Rd8 {[%emt 0:00:37]} 38. h4 {[%emt 0:02:25]} Be3 {[%emt 0:00:37]} 39. Bc4 {[%emt 0:00:17]} Bf5 {[%emt 0:00:55]} 1/2-1/2

[Event "11th LCC FIDE Open 2019"]
[Site "London"]
[Date "2019.11.29"]
[Round "1.51"]
[White "Cordes, Hans-Joerg"]
[Black "Gilmore, Samuel"]
[Result "1-0"]
[WhiteElo "2188"]
[BlackElo "1757"]
[Annotator "ChessBase"]
[PlyCount "33"]
[EventDate "2019.11.29"]
[EventType "swiss"]
[EventCountry "ENG"]
[SourceTitle "playchess.com"]
[Source "ChessBase"]
[SourceQuality "1"]
[TimeControl "40/5400+30:1800+30"]

1. d4 {[%emt 0:00:00]} Nf6 {[%emt 0:00:00]} 2. c4 {[%emt 0:00:00]} e6 {[%emt 0:00:00]} 3. Nc3 {[%emt 0:00:29]} Bb4 {[%emt 0:00:11]} 4. Qc2 {[%emt 0:00:41]} b6 {[%emt 0:01:00]} 5. e4 {[%emt 0:01:16]} Bb7 {[%emt 0:04:39]} 6. Bd3 {[%emt 0:02:13]} Bxc3+ {[%emt 0:09:49]} 7. bxc3 {[%emt 0:00:13]} d6 {[%emt 0:01:18]} 8. f4 {[%emt 0:05:56]} c5 {[%emt 0:06:32]} 9. Nf3 {[%emt 0:01:21]} h6 {[%emt 0:03:59]} 10. O-O {[%emt 0:01:11]} cxd4 {[%emt 0:03:21]} 11. cxd4 {[%emt 0:00:25]} d5 {[%emt 0:04:25]} 12. exd5 {[%emt 0:05:31]} exd5 {[%emt 0:01:46]} 13. Ba3 {[%emt 0:00:50]} Nc6 {[%emt 0:02:34]} 14. Rfe1+ {[%emt 0:03:45]} Kd7 {[%emt 0:02:13]} 15. cxd5 {[%emt 0:01:49]} Nxd5 {[%emt 0:02:56]} 16. Ne5+ {[%emt 0:01:07]} Nxe5 {[%emt 0:00:18]} 17. Bf5+ {[%emt 0:00:34]} 1-0

[Event "11th LCC FIDE Open 2019"]
[Site "London"]
[Date "2019.11.29"]
[Round "1.52"]
[White "Bansal, Saahil"]
[Black "Brozel, Sacha"]
[Result "0-1"]
[WhiteElo "1751"]
[BlackElo "2188"]
[Annotator "TA"]
[PlyCount "80"]
[EventDate "2019.11.29"]
[EventType "swiss"]
[EventCountry "ENG"]
[SourceTitle "playchess.com"]
[Source "ChessBase"]
[SourceQuality "1"]

{[%evp 12,123,12,17,28,14,24,8,22,19,27,25,32,26,32,-15,0,4,20,0,0,-22,-27,-52,-52,-54,-45,-42,-35,-91,-55,-99,-90,-108,-111,-106,-83,-109,-65,-72,-68,-116,-4,-39,0,-70,-55,-92,0,0,0,-37,-35,-55,0,21,89,82,57,0,0,0,170,118,157,108,88,35,62,0,0,0,0,-320,-314,-310,-312,-272,-294,-342,-334,-380,-360,-562,-549,-634,-627,-594,-763,-750,-718,-718,-712,-610,-562,-563,-562,-808,-783,-842,-759,-29960,-10979,-5157,-4134,-2504,-2270,-29996,-29997,-29997,-29998,-29998,-29999,-29999]} 1. e4 e6 2. d4 d5 3. Nc3 Bb4 4. exd5 exd5 5. Bd3 Nc6 6. a3 Bxc3+ 7. bxc3 Be6 {C01: French: Exchange Variation} (7... Nge7 8. Qf3 Be6 9. Nh3 Qd7 10. Ng5 O-O-O 11. O-O Rdf8 12. Nxe6 fxe6 13. Qe2 Nf5 14. a4 Nd6 15. Re1 Re8 16. Bf4 Rhf8 {1-0 (57) Vachier Lagrave,M (2788)-Caruana,F (2795) chess.com INT 2016}) 8. Ne2 Qd7 9. O-O Bf5 $146 {The position is equal.} ({Predecessor:} 9... O-O-O 10. a4 Na5 11. Nf4 Bg4 12. f3 Bf5 13. Bb5 c6 14. Be2 Ne7 15. Nd3 Bxd3 16. cxd3 {0-1 (26) Doluhanova,E (2276)-Bartel,M (2653) Warsaw 2011}) 10. Ng3 Bxd3 11. cxd3 O-O-O {[%cal Ba8d8,Bd8d7,Bd7e7][%mdl 32]} 12. Qf3 f6 13. Qf5 Nge7 14. Qxd7+ Rxd7 (14... Kxd7 {looks sharper.} 15. Nh5 Rdf8 16. Re1 g6 17. Nf4 g5) 15. Bd2 h5 16. Ne2 Nf5 17. f4 Re7 $36 {[%mdl 2048] Black has good play.} 18. Kf2 h4 19. Ng1 Nh6 {And now ...Ng4+ would win.} 20. Nf3 (20. Kf3 $15) 20... Ng4+ $17 21. Kg1 h3 22. gxh3 Rxh3 23. Kg2 Rh8 {...Nxh2! is the strong threat.} 24. Kg3 Nh6 25. Nh4 Re2 26. Rf2 {[#]} Rhe8 ({Better is} 26... Rxf2 $1 $17 27. Kxf2 Ne7) 27. Raf1 Na5 28. Rxe2 (28. f5 $11) 28... Rxe2 $15 29. Rf2 Re8 (29... Rxf2 $17 30. Kxf2 Nb3) 30. f5 $11 Nf7 31. Nf3 Nd6 32. Kg4 Nb3 (32... Nc6 $15) 33. Bf4 Nf7 (33... Kd7 $11 {keeps the balance.}) 34. Rb2 Na5 35. Rb5 (35. Kh5 $14) 35... b6 36. Kh5 c6 $2 {[#]} (36... Re2 $11 {and Black stays safe.}) 37. Rb2 (37. Rb1 $1 $18) 37... Kd7 38. Kg6 Re7 39. Rf2 (39. Nh4 $16) 39... Nb7 $1 $14 40. Kxg7 (40. Rf1 $14 Nh8+ 41. Kh5) 40... Nfd6+ {Played: Nf7-e5} 0-1

[Event "11th LCC FIDE Open 2019"]
[Site "London"]
[Date "2019.11.29"]
[Round "1.53"]
[White "Johnson, Daniel"]
[Black "Gaier, Walter"]
[Result "1-0"]
[WhiteElo "2186"]
[BlackElo "1750"]
[Annotator "ChessBase"]
[PlyCount "80"]
[EventDate "2019.11.29"]
[EventType "swiss"]
[EventCountry "ENG"]
[SourceTitle "playchess.com"]
[Source "ChessBase"]
[SourceQuality "1"]
[TimeControl "40/5400+30:1800+30"]

1. d4 {[%emt 0:33:31]} g6 {[%emt 0:00:36]} 2. c4 {[%emt 0:00:33]} Bg7 {[%emt 0:00:16]} 3. Nc3 {[%emt 0:01:00]} Nf6 {[%emt 0:01:09]} 4. e4 {[%emt 0:00:17]} d6 {[%emt 0:00:20]} 5. f3 {[%emt 0:00:07]} Nbd7 {[%emt 0:01:42]} 6. Nge2 {[%emt 0:01:52]} c5 {[%emt 0:15:50]} 7. d5 {[%emt 0:00:08]} a6 {[%emt 0:02:15]} 8. a4 {[%emt 0:01:25]} b6 {[%emt 0:03:24]} 9. Bg5 {[%emt 0:03:08]} Rb8 {[%emt 0:02:49]} 10. Ng3 {[%emt 0:03:19]} Qc7 {[%emt 0:04:56]} 11. Qd2 {[%emt 0:01:12]} h6 {[%emt 0:14:28]} 12. Be3 {[%emt 0:00:08]} h5 {[%emt 0:00:27]} 13. Be2 {[%emt 0:12:10]} Ne5 {[%emt 0:01:55]} 14. O-O {[%emt 0:01:06]} h4 {[%emt 0:02:52]} 15. Nh1 {[%emt 0:00:16]} h3 {[%emt 0:01:46]} 16. g3 {[%emt 0:08:51]} Bd7 {[%emt 0:01:54]} 17. Nf2 {[%emt 0:14:11]} Qc8 {[%emt 0:07:22]} 18. Kh1 {[%emt 0:09:14]} Ng8 {[%emt 0:06:08]} 19. Rae1 {[%emt 0:15:22]} Nh6 {[%emt 0:03:20]} 20. Qd1 {[%emt 0:04:49]} f6 {[%emt 0:04:42]} 21. Bc1 {[%emt 0:03:04]} Rh7 {[%emt 0:03:34]} 22. Qc2 {[%emt 0:11:37]} Kf7 {[%emt 0:03:15]} 23. f4 {[%emt 0:01:52]} Neg4 {[%emt 0:00:42]} 24. e5 {[%emt 0:01:17]} dxe5 {[%emt 0:00:30]} 25. Nxg4 {[%emt 0:01:43]} Bxg4 {[%emt 0:01:51]} 26. fxe5 {[%emt 0:00:46]} Bf5 {[%emt 0:02:16]} 27. e6+ {[%emt 0:00:24]} Kg8 {[%emt 0:00:30]} 28. Bd3 {[%emt 0:00:14]} Bxd3 {[%emt 0:06:25]} 29. Qxd3 {[%emt 0:00:06]} Nf5 {[%emt 0:00:28]} 30. Rxf5 {[%emt 0:01:13]} gxf5 {[%emt 0:00:09]} 31. d6 {[%emt 0:00:39]} Qc6+ {[%emt 0:01:06]} 32. Nd5 {[%emt 0:00:08]} exd6 {[%emt 0:02:44]} 33. Qxf5 {[%emt 0:00:52]} Re8 {[%emt 0:00:59]} 34. Kg1 {[%emt 0:00:29]} Qxa4 {[%emt 0:01:39]} 35. Qg6 {[%emt 0:00:30]} Kh8 {[%emt 0:01:32]} 36. e7 {[%emt 0:00:30]} Qc6 {[%emt 0:00:59]} 37. Bd2 {[%emt 0:00:32]} b5 {[%emt 0:00:27]} 38. b3 {[%emt 0:00:18]} b4 {[%emt 0:00:41]} 39. Re2 {[%emt 0:00:35]} Qd7 {[%emt 0:00:31]} 40. Bc1 {[%emt 0:00:33]} Qc6 {[%emt 0:07:46]} 1-0